| 000 | 00621nam a2200205Ia 4500 | ||
|---|---|---|---|
| 003 | GCL | ||
| 008 | 140319s9999 xx 000 0 eng d | ||
| 040 |
_aGCL / _cGCL |
||
| 082 | 0 | 4 |
_a621.3 _bT F |
| 100 | 1 | _aTHERAJA, B L | |
| 245 | 1 | 0 |
_aFUNDAMENTALS OF ELECTRICAL ENGINEERING AND ELECTRONICS: IN INTERNATIONAL SYSTEM(SI) OF UNITS / _cTHERAJA, B L |
| 260 |
_a[S.N] : _bNIRJA COMSTRUCTION & DEVELOPMENT ، _c1992 |
||
| 300 | _a880 P | ||
| 650 | 0 | 4 | _aالتحليل الرياضى |
| 650 | 0 | 4 | _aELECTRONICS |
| 650 | 0 | 4 | _aTRANSISTORS |
| 650 | 0 | 4 | _aELECTRIC ENGINEERING |
| 650 | 0 | 4 | _aELECTROMAGNETISM |
| 942 |
_2ddc _cBK |
||
| 999 |
_c20099 _d20099 |
||